000 00268nam a22001217a 4500
003 SGT
082 _a302.23
_bT65M
100 _aMASCELLI, JOSEPH V.
245 _aTHE FIVE CS OF CINEMATOGRAPHY
260 _aCA
_bSILMAN JAMES
_c1965
300 _a251
942 _2ddc
_cBK
999 _c17059
_d17059